Miller´s antiques price guide (Record no. 5078)

MARC details
000 -CABECERA
campo de control de longitud fija 00967nam a2200265 a 4500
001 - NÚMERO DE CONTROL
campo de control BRCA_5384
005 - FECHA Y HORA DE LA ÚLTIMA TRANSACCIÓN
campo de control 20190320205044.0
008 - DATOS DE LONGITUD FIJA--INFORMACIÓN GENERAL
campo de control de longitud fija 091210s1992----enka######---#000-0#eng-#
020 ## - NÚMERO INTERNACIONAL ESTÁNDAR DEL LIBRO
Número Internacional Estándar del Libro 1840000856
041 ## - CÓDIGO DE LENGUA
Código de lengua del texto/banda sonora o título independiente eng
044 ## - CÓDIGO DEL PAÍS DE LA ENTIDAD EDITORA/PRODUCTORA
Código MARC del país enk
050 #4 - SIGNATURA TOPOGRÁFICA DE LA BIBLIOTECA DEL CONGRESO
Número de clasificación N5208
Número de documento/Ítem .M55 1992
245 10 - MENCIÓN DE TÍTULO
Título Miller´s antiques price guide
Resto del título 1993 (Volume XIV)
Mención de responsabilidad, etc. compiled and edited by Judith and Martin Miller ; general editor Josephine Davis.
260 ## - PUBLICACIÓN, DISTRIBUCIÓN, ETC.
Lugar de publicación, distribución, etc. Inglaterra
Nombre del editor, distribuidor, etc. Millers
Fecha de publicación, distribución, etc. 1992
300 ## - DESCRIPCIÓN FÍSICA
Extensión 799 p.
Otras características físicas il.
Dimensiones 28 cm.
500 ## - NOTA GENERAL
Nota general Incluye directorio de especialistas, directorio de subastadores e índice alfabético
500 ## - NOTA GENERAL
Nota general Donación Dr. Héctor Rivero Borrell Vázquez
651 #4 - PUNTO DE ACCESO ADICIONAL DE MATERIA--NOMBRE GEOGRÁFICO
Nombre geográfico Antigüedades
Subdivisión general Catálogos
Subdivisión cronológica Subastas
9 (RLIN) 13771
651 #4 - PUNTO DE ACCESO ADICIONAL DE MATERIA--NOMBRE GEOGRÁFICO
Nombre geográfico Arte
Subdivisión de forma Subastas
Subdivisión general Coleccionistas y colecciones
9 (RLIN) 13772
700 1# - PUNTO DE ACCESO ADICIONAL--NOMBRE DE PERSONA
Nombre de persona Miller, Judith
Término indicativo de función/relación Editora
9 (RLIN) 13773
700 1# - PUNTO DE ACCESO ADICIONAL--NOMBRE DE PERSONA
Nombre de persona Miller, Martin
Término indicativo de función/relación Editor
9 (RLIN) 13774
700 1# - PUNTO DE ACCESO ADICIONAL--NOMBRE DE PERSONA
Nombre de persona Davis, Josephine
Término indicativo de función/relación Editor general
9 (RLIN) 13775
902 ## - CATALOGADOR
Iniciales DHR
942 ## - ELEMENTOS DE PUNTO DE ACCESO ADICIONAL (KOHA)
Fuente del sistema de clasificación o colocación Library of Congress Classification
Tipo de ítem Koha Libros
Holdings
Estado de retiro Estado de pérdida Estado dañado No para préstamo Localización permanente Ubicación/localización actual Fecha de adquisición Total de préstamos Signatura topográfica completa Código de barras Fecha visto por última vez Precio válido a partir de Tipo de ítem Koha
El ejemplar forma parte de la colección y puede ser consultado según las políticas vigentes.       Biblioteca del Museo Franz Mayer (Rogerio Casas-Alatriste) Biblioteca del Museo Franz Mayer (Rogerio Casas-Alatriste) 09/12/2010   N5208 .M55 1992 DHR00088 22/03/2019 22/03/2019 Libros